Arqueología, historia y tiempo: resultados de una consulta al pueblo Bribri, Costa Rica, América Central /
El propósito del trabajo es jerarquizar la función social de la arqueología. Consiste en una consulta a indígenas de Talamanca, Costa Rica acerca de la arqueología, como paso previo a los trabajos de investigación arqueológica a realizarse en esa zona. Mediante una metodología de estudio de caso, se...
Guardado en:
| Autor principal: | |
|---|---|
| Formato: | Texto |
| Materias: | |
| Etiquetas: |
Agregar Etiqueta
Sin Etiquetas, Sea el primero en etiquetar este registro!
|
MARC
| LEADER | 00000 a a2200000 04500 | ||
|---|---|---|---|
| 001 | 46839 | ||
| 003 | |||
| 040 | |||
| 090 | |a REV0229 (90) 1996 | ||
| 100 | |a Fonseca Zamora, Oscar M. | ||
| 245 | |a Arqueología, historia y tiempo: resultados de una consulta al pueblo Bribri, Costa Rica, América Central / |c Oscar M Fonseca Zamora | ||
| 520 | |a El propósito del trabajo es jerarquizar la función social de la arqueología. Consiste en una consulta a indígenas de Talamanca, Costa Rica acerca de la arqueología, como paso previo a los trabajos de investigación arqueológica a realizarse en esa zona. Mediante una metodología de estudio de caso, se explicó a las comunidades involucradas acerca del significado de la arqueología, se elaboró un folleto explicativo traducido al Bribri, se visitaron diferentes comunidades y allí se realizaron las entrevistas y encuestas. Es un trabajo válido para comprender los distintos puntos de vista que existen en la sociedad sobre un mismo tema, y el esfuerzo que significa llevar a la práctica la aqueología integral, contemplando y respetando a las personas involucradas. | ||
| 650 | |a CIENCIAS SOCIALES | ||
| 650 | |a HISTORIA | ||
| 650 | |a ARQUEOLOGIA | ||
| 773 | |g número90, (1996), Páginas 1-56 | ||
| 999 | |c 20827 |d 20827 | ||
